Κατάλογος Βιβλιοθηκών Mediterranean College

Specific Learning Difficulties (Dyslexia) / Challenges and Responses (Record no. 9028)

MARC details
000 -LEADER
fixed length control field 01399cam a22002174a 4500
005 - ΗΜΕΡΟΜΗΝΙΑ ΚΑΙ ΩΡΑ ΤΕΛΕΥΤΑΙΑΣ ΕΝΗΜΕΡΩΣΗΣ
Πεδίο ελέγχου 20250605164352.0
008 - FIXED-LENGTH DATA ELEMENTS--GENERAL INFORMATION
Πεδίο ελέγχου σταθερού μήκους 250528s ||||||||||||||||||||||||d
035 ## - SYSTEM CONTROL NUMBER
System control number 24129
040 ## - ΠΗΓΗ ΚΑΤΑΛΟΓΟΓΡΑΦΗΣΗΣ
Φορέας πρωτότυπης καταλογογράφησης MC Athens Campus Library
Γλώσσα καταλογογράφησης Ελληνικά, Μοντέρνα (1453-)
Modifying agency MC Athens Campus Library
Κανόνες περιγραφικής καταλογογράφησης AACR2
245 1# - ΤΙΤΛΟΣ ΚΑΙ ΔΗΛΩΣΗ ΥΠΕΥΘΥΝΟΤΗΤΑΣ
Τίτλος Specific Learning Difficulties (Dyslexia) / Challenges and Responses
250 ## - EDITION STATEMENT
Edition statement 1st
260 ## - PUBLICATION, DISTRIBUTION, ETC.
Date of publication, distribution, etc. 1991
300 ## - PHYSICAL DESCRIPTION
Extent 338
520 ## - SUMMARY, ETC.
Summary, etc. Preface, Acknowledgements, Background to the Current Scene, Specific Learning Difficulties (Dyslexia): Issues, Psychological Responses, A Broader Perspective, Emotional and Social Factors, Cognitive Aspects of Word Recognition, Psychoeducational Responses, Psychoeducational Literature: Theory and Identification, Intervention and Evaluation, Support of Pupils with Specific Learning Difficulties, Psychomedical Responses, Review of Neuropsychological Literature, Psycho-Ophtalmological Literature, Psychopharmaceutics and Specific Learning Difficulties, Survey Responses, Aims and Stucture of the Inquiry, Local Education Authority Policies and Practices, Educational Psychologists' Views and Practices, Views of Other Organizations and Individuals, Examination Board Policies and Practices, Key Themes and Recommendations, References, Author and Subject Index.
700 1# - ΠΡΟΣΘΕΤΗ ΑΝΑΓΡΑΦΗ--ΦΥΣΙΚΟ ΠΡΟΣΩΠΟ
Personal name Pumfrey Peter D
9 (RLIN) 9389
700 1# - ΠΡΟΣΘΕΤΗ ΑΝΑΓΡΑΦΗ--ΦΥΣΙΚΟ ΠΡΟΣΩΠΟ
Personal name Reason Rea
9 (RLIN) 9390
700 1# - ΠΡΟΣΘΕΤΗ ΑΝΑΓΡΑΦΗ--ΦΥΣΙΚΟ ΠΡΟΣΩΠΟ
Personal name Rouledge
9 (RLIN) 9391
942 ## - ADDED ENTRY ELEMENTS (KOHA)
Koha item type Books
Holdings
Τύπος τεκμηρίου Βιβλιοθήκη Τρέχουσα τοποθεσία Barcode Αριθμός εισαγωγής Ημερομηνία απόκτησης Ταξιθετικό σύμβολο Αριθμός αντιτύπου Κατάσταση απόσυρσης Κατάσταση χαμένου Κατάσταση κατεστραμμένου Μη δανεισμός Σύνολο δανεισμών Ημερομηνία τελευταίας εμφάνισης Η τιμή ισχύει από
Books MC Athens Campus Library MC Athens Campus Library 9780000090270 7716   616.8552 PUM 1           05/06/2025 05/06/2025

MC Athens Campus Library
Πατησίων 94 & Κοδριγκτώνος 13, 104 34
Πελλήνης 8 & Πατησίων 107, 112 51
Τ: +30 210 8899600

MC Thessaloniki Campus Library
Ίωνος Δραγούμη 21, 54625 | Ίωνος Δραγούμη 15, 54625
Τ: +30 2310 287779 – Τ: +30 2314 440300